000 01579nam a22003377a 4500
005 20191224042214.0
008 150708b2010 ck ||||| |||| 00| 0 spa d
040 _aCO-BoIAVH
_cCO-BoIAVH
041 _aspa
044 _ack
090 _aIAVH
_b001603
100 1 _aCardenas, Juan Camilo
245 1 0 _aAnálisis de los conflictos socio-ambientales alrededor del uso y apropiación de la biodiversidad:
_bdos aplicaciones piloto en la Orinoquia y el Caribe
260 _aBogotá:
_bUniversidad de los Andes,
_bInstituto de Investigación de Recursos Biológicos Alexander von Humboldt,
_c2010.
300 _a240 p.
_btablas, mapas a color
500 _aConvenio 10-10-011-0023CE
520 _aProyecto para desarrollar y probar en campo de manera piloto herramientas desde varios enfoques analíticos y metodológicos que permitieran analizar los conflictos socio-ambientales asociados al uso y conservación de la biodiversidad, con un énfasis particular en recursos hidrobiológicos y en zonas inundables
650 1 4 _aConflictos ambientales
_zColombia
650 1 4 _aUso de biodiversidad
651 _aColombia
_zRegion Caribe
651 _aColombia
_zRegión Orinoquía
662 _aColombia
700 1 _aCastañeda, Jorge Luis
700 1 _aCastillo-Brieva, Daniel
700 1 _aOspina-Medina, Daniel
700 1 _aPereira, María Fernanda
700 1 _aRicaurte, Luis Carlos
700 1 _aRodriguez, Luz Angela
700 1 _aLaverde, Carolina
942 _2z
_cINFORME
_01
999 _c17535
_d17535